| 000 | 01340cam a2200301 a 4500 | ||
|---|---|---|---|
| 001 | 4945443 | ||
| 005 | 20020831180103.0 | ||
| 008 | 960904s1997 enk 001 0 eng | ||
| 010 | _a 96035842 | ||
| 020 | _a0521582830 (hard) | ||
| 040 |
_aDLC _cDLC _dDLC |
||
| 050 | 0 | 0 |
_aJZ1251 _b.R67 1997 |
| 082 | 0 | 0 |
_a327.109045 _222 _bROS |
| 100 | 1 |
_aRosenau, James N. _99341 |
|
| 245 | 1 | 0 |
_aAlong the Domestic-Foreign Frontier : _bExploring Governance in a Turbulent World / _cJames N. Rosenau. |
| 260 |
_aCambridge ; _aNew York : _bCambridge University Press, _c1997. |
||
| 300 |
_axvii, 467 p. ; _c24 cm. |
||
| 490 |
_aCambridge studies in international relations ; _v53 |
||
| 500 | _aIncludes index. | ||
| 650 | 0 |
_aInternational relations _xPolitical aspects. _99342 |
|
| 650 | 0 |
_aPolitical science. _99343 |
|
| 650 | 0 |
_aWorld politics. _99344 |
|
| 856 | 4 | 2 |
_3Publisher description _uhttp://www.loc.gov/catdir/description/cam028/96035842.html |
| 856 | 4 | 1 |
_3Table of contents _uhttp://www.loc.gov/catdir/toc/cam022/96035842.html |
| 942 |
_2ddc _cBB |
||
| 999 |
_c12905 _d12905 |
||